Experiencias mundiales para detener la inflación
Zapisane w:
| 1. autor: | |
|---|---|
| Format: | Książka |
| Język: | hiszpański |
| Wydane: |
Buenos Aires
Tres Tiempos
1983
|
| Hasła przedmiotowe: | |
| Etykiety: |
Dodaj etykietę
Nie ma etykietki, Dołącz pierwszą etykiete!
|
MARC
| LEADER | 00000nam a2200000 a 4500 | ||
|---|---|---|---|
| 001 | UCR7983 | ||
| 003 | CL-VaPUC | ||
| 008 | 980519e19830000AG |||||||||||||||||spa|d | ||
| 082 | 0 | 4 | |a 332.41 |b YEA |2 21 |
| 100 | 0 | |a Yeager, Leland B |e author |9 409579 | |
| 245 | 1 | 0 | |a Experiencias mundiales para detener la inflación |
| 300 | |a 229 p | ||
| 942 | |c BK | ||
| 945 | |d 19980519 00:00:00 |a crobeson | ||
| 260 | |a Buenos Aires |b Tres Tiempos |c 1983 | ||
| 650 | 0 | |a Inflación |9 257218 | |
| 650 | 0 | |a Condiciones económicas |9 258255 | |
| 650 | 0 | |a Política económica |9 255029 | |
| 583 | |a last modification |c 19980519 00:00:00 |k Rodrigo Vera | ||
| 999 | |c 269558 |d 269556 | ||
| 952 | |0 0 |1 0 |4 0 |6 332_410000000000000_YEA_1983 |7 0 |8 A |9 303320 |a BIBENE |b BIBENE |d 2019-11-20 |i 1400576 |o 332.41 YEA 1983 |p 1400576 |r 2025-01-15 |w 2019-11-20 |y BK |k ICO | ||